01469nam a2200205 45000010005000000100018000050210014000231000041000372000078000782100028001562150020001843300882002046060024010866060026011106750031011367000032011677010017011998010018012168300029012346157 a9789893813478 b562647/26 a20260629d2026 c||y0pory50030103ba1 aZeca Café: UM Passeio pelo JardimfMarisa Trigueirãogil. Carla Pinto 9aLisboacFlamingo,d2026 a33, [5] p.cil. aNo seguimento da obra Zeca Café - A História de um Buldogue Francês, nasce Zeca Café - Um Passeio pelo Jardim, uma nova aventura cheia de ternura, amizade, descobertas e valores essenciais. Num dos seus passeios diários pelo jardim, Zeca Café corre, salta e diverte-se como só ele sabe fazer. Entre risos e brincadeiras, algo diferente chama a sua atenção: um novo cãozinho, triste e sozinho, observa os outros à distância, desejando apenas fazer parte da brincadeira. Perante esta situação, Zeca terá de fazer uma escolha: seguir de imediato para a diversão ou escutar o seu coração generoso. Será que Zeca também vai ignorar o novo amigo? Ou o seu coração não o deixa ficar indiferente? Vem descobrir esta nova aventura de Zeca Café e aprender que a amizade começa, muitas vezes, com um simples gesto de empatia e inclusão. aLiteratura infantil aLiteratura Portuguesa a82-93 / 821.134.3vBNzpor aTrigueirãobMarisaf1987- aPintobCarla 0aPTbBMVNgRPC cInês Silvad29/06/2026